| 000 | 00675nam a22001937a 4500 | ||
|---|---|---|---|
| 999 |
_c13240 _d13240 |
||
| 003 | AR-CdUCM | ||
| 008 | 190411b ||||| |||| 00| 0 spa d | ||
| 040 |
_aMUNICIPALIDAD PROVINCIAL DEL CUSCO _cBIBLIOTECA MUNICIPAL DEL CUSCO |
||
| 082 |
_a584 / _bM77 / 1941 |
||
| 100 |
_aMonroy , Teofilo S. _931539 |
||
| 245 |
_aLa totora es una ciperacea : _bTesis para el doctorado en ciencias físicas y naturales / |
||
| 260 |
_aCuzco : _bRozas Sucesores, _c1941 |
||
| 300 |
_a48 paginas ; _bIlustraciones, _c21 cm. |
||
| 650 |
_aTotora _931540 |
||
| 650 |
_aCiperacea _931541 |
||
| 650 |
_aCiencias físicas y naturales _931542 |
||
| 942 |
_2ddc _cFOLLETOS |
||
| 945 |
_arjall _d2019-04_11 |
||